Creating motion graphics with After Effects

Αποθηκεύτηκε σε:
Λεπτομέρειες βιβλιογραφικής εγγραφής
Κύριος συγγραφέας: Meyer, Trish
Άλλοι συγγραφείς: Meyer, Chris
Μορφή: Βιβλίο
Γλώσσα:English
Δημοσίευση: San Francisco, CA : CMP Books, 2003
Έκδοση:2nd ed.
Σειρά:DV expert series
Θέματα:
Ετικέτες: Προσθήκη ετικέτας
Δεν υπάρχουν, Καταχωρήστε ετικέτα πρώτοι!

MARC

LEADER 00000nam a2200000 i 4500
001 1/75648
008 050422s2003 eng d
020 |a 1-57820-207-8 
035 |l 10077760 
040 |a GR-MY-UA  |b gre  |e aacr 
041 0 |a eng 
082 0 |a 006.6869  |2 (21) 
100 1 |a Meyer, Trish. 
245 1 0 |a Creating motion graphics with After Effects /  |c Trish & Chris Meyer 
250 |a 2nd ed. 
260 |a San Francisco, CA :   |b CMP Books,   |c 2003 
300 |a 403 σ.;  |b έγχρ. εικ.;  |c 24 εκ.+  |e 1 οπτική δισκέτα λέϊζερ Η/Υ (4 3/4 ίν.) 
490 1 |a DV expert series 
504 |a Περιέχει ευρετήριο 
505 0 |a τ.2. Advanced techniques 
650 0 0 |a Computer animation. 
700 1 |a Meyer, Chris. 
830 0 |a DV expert series 
852 |a INST  |b LESVOS  |e 20050422  |h 006.6869 MEY  |p 005100029813  |q 005100029813  |t BK  |y 0  |z τ.2 
852 |a INST  |b LESVOS  |e 20050422  |h 006.6869 MEY  |p 005100029813  |q 005100029813  |t BK  |v τ.2:  |y 0  |z τ.2 
852 |a INST  |b LESVOS  |e 20050422  |h 006.6869 MEY   |p 005100029812  |q 005100029812  |t BK  |v (Unknown.)???:  |y 0  |z ??? 
853 |a INST  |b LESVOS  |h 006.6869 MEY 
853 |a INST  |b LESVOS  |h 006.6869 MEY cdrom 
901 |a BIBL1-2005-2 
909 |a Λ  |b 114910 
909 |a Λ  |b 114911 
920 |a ΔΙΕΥΡΥΝΣΗ  |b ΕΠΕΑΕΚ-ΠΤΕ  |y ΛΕΣΒΟΣ  |z 2004-10 
970 |a ΜΑΡΙΝΑΤΟΥ  |b ΜΥΡΣΙΝΗ  |z 2005/04/22